Specialist cost update (Record no. 79306)
[ view plain ]
| 000 -LEADER | |
|---|---|
| fixed length control field | 00882cab a22002415a 4500 |
| 001 - CONTROL NUMBER | |
| control field | L140608 |
| 008 - FIXED-LENGTH DATA ELEMENTS--GENERAL INFORMATION | |
| fixed length control field | 071001e20070928xxko f 000 0 eng d |
| 035 ## - SYSTEM CONTROL NUMBER | |
| System control number | (Sirsi) u140608 |
| 041 0# - LANGUAGE CODE | |
| Language code of text/sound track or separate title | eng |
| 100 1# - MAIN ENTRY--PERSONAL NAME | |
| Personal name | Smith, Duncan |
| 245 00 - TITLE STATEMENT | |
| Title | Specialist cost update |
| Remainder of title | envelopes |
| 260 ## - PUBLICATION, DISTRIBUTION, ETC. | |
| Date of publication, distribution, etc. | 2007 |
| 490 #0 - SERIES STATEMENT | |
| Series statement | Building |
| Volume/sequential designation | 272(8499) 28 September 2007, 64-68(5) |
| 520 ## - SUMMARY, ETC. | |
| Summary, etc. | Reviews the latest trends, costs and lead times for curtain walling, roofing and stone construction and restoration. Reveals that over the past 12 months the cost of a building's envelope has increased by 10% and that a similar rate is forecast for the next two years. |
| 590 ## - LOCAL NOTE (RLIN) | |
| Local note | KA |
| 651 #4 - SUBJECT ADDED ENTRY--GEOGRAPHIC NAME | |
| Geographic name | United Kingdom |
| Chronological subdivision | |
| 690 ## - LOCAL SUBJECT ADDED ENTRY--TOPICAL TERM (OCLC, RLIN) | |
| Topical term or geographic name as entry element | BUILT ENVIRONMENT-BUILDING COSTS |
| 700 1# - ADDED ENTRY--PERSONAL NAME | |
| Personal name | Wootton, Paul |
| 700 1# - ADDED ENTRY--PERSONAL NAME | |
| Personal name | Harding, David |
| 700 1# - ADDED ENTRY--PERSONAL NAME | |
| Personal name | Gayle, Alan |
| 710 2# - ADDED ENTRY--CORPORATE NAME | |
| Corporate name or jurisdiction name as entry element | Gardiner and Theobald |
| 9 (RLIN) | 719 |
| 942 ## - ADDED ENTRY ELEMENTS (KOHA) | |
| Suppress in OPAC | 0 |
| Withdrawn status | Lost status | Source of classification or shelving scheme | Damaged status | Not for loan | Home library | Current library | Shelving location | Date acquired | Total Checkouts | Full call number | Barcode | Date last seen | Copy number | Price effective from | Koha item type |
|---|---|---|---|---|---|---|---|---|---|---|---|---|---|---|---|
| Dewey Decimal Classification | London | London | Journal article | 01/10/2007 | L140608 | 140608-1001 | 06/08/2019 | 1 | 06/08/2019 | Journal article |